000 00917nam a2200301Ia 4500
003 OSt
005 20221006153707.0
006 a|||||r|||| 00| 0
007 ta
008 221006b |||||||| |||| 00| 0 eng d
020 _a9780195068108
_c¥8,510
024 _a33,075
037 _bGift, Japan Foundation
_cAnnuals, Advances
040 _aEASL
_cEASL
_beng
041 _2eng
_aeng
082 _aQ4596.42, N3
100 _aKing Winston L. Au.
_9664984
245 0 _aZen and the way of the Sword
_b Arming the Samurai Psyche
260 _aNewYork
_bOxford University Press
_c1993
300 _a265p.
_ccm.
490 _v JEL
650 _a JEL
650 _a Samurai-Religous life
_9664985
650 _a Zen Buddhism-Japan
_9664986
650 _asamurai
_9652581
942 _hQ4596.42, N3
_cREF
_2CC
999 _c1101161
_d1101161